000 00567nam a2200181Ia 4500
005 20260601193219.0
008 260601s9999||||xx |||||||||||||| ||und||
020 _a978-3-031-46813-1
_qebk
100 _aHector Florez
245 0 _aApplied Informatics
250 _a1st ed. 2024
260 _aHeidelberg, Germany
_bSpringer Nature
_c2024
440 _aCommunications in Computer and Information Science
650 _aComputer Science
700 _aMarcelo Leon
856 _uhttps://link.springer.com/openurl?genre=book&isbn=978-3-031-46813-1
942 _cEB
_2ddc
999 _c55752
_d55752